| 000 | 00433 a2200157 4500 | ||
|---|---|---|---|
| 003 | Nust | ||
| 005 | 20230213115323.0 | ||
| 040 | _cNust | ||
| 082 | _a954.9185,SAE | ||
| 100 |
_aSaeed, Ahmad _946147 |
||
| 245 |
_aBattle of Chhamb 1971 / _cAhmad Saeed, |
||
| 260 |
_aArmy Press educationn _c2001 |
||
| 300 | _a88 p | ||
| 505 | _aWriting (Page-1), Maps and Sketchers (Page-6), Photographs (Page-18). | ||
| 942 |
_2ddc _cBK _k954.9185,SAE |
||
| 999 |
_c190503 _d190503 |
||